Психологически аспекти на културата (Запис номер 131339)
[ съкратено ]
| 000 -Лидер | |
|---|---|
| Контролно поле с фиксирана дължина | 01234nam a2200301 c 4500 |
| 003 - Код на организацията, давaща контролен номер | |
| Контролно поле | BLK |
| 005 - Дата и час на последна редакция | |
| Контролно поле | 20220714084619.0 |
| 008 - Елементи от данни с фиксирана дължина | |
| fixed length control field | 180409b bul|||||r ||||||| ||bul|| |
| 010 ## - Наследен системен номер | |
| LC control number | KNG00137151000 |
| 040 ## - Източник на каталожния запис | |
| Идентификатор на билиотеката - собственик на записа | BLK |
| 041 ## - Код за език | |
| Код за езика на текст/звукозапис или на отделно заглавие | Български |
| Код за езика КДБФ | Български |
| 080 ## - УДК | |
| Текстов определител УДК | Цивилизация. Култура. Прогрес. История на културата вж 930.85 |
| УДК код - определител по УДК | 008 |
| УДК определител | :159.9 |
| УДК - код + определител | 008:159.9 |
| 100 1# - Редна дума - Автор | |
| Автор | Чакъров, Тодор Христов |
| R(LIN) | 322679 |
| 139 ## - Редно поле | |
| Редна дума | Чакъров, Тодор Хр. |
| Авторски знак | Чакъ - Ч 19 |
| 245 10 - Сведения за заглавието | |
| Заглавие | Психологически аспекти на културата |
| Подзаглавни данни | Изследване |
| Редно поле (дума) | Тодор Хр. Чакъров. |
| 257 ## - Страна на издаване | |
| Страна на създаване/издаване | България |
| 260 ## - Област на издателските данни | |
| -- | София |
| Име на издателя, разпространителя и проч. | Наука и изкуство |
| Година на издаване | 1985 |
| Печатница | Плевен : Ал. Пъшев |
| 300 ## - Физическа характеристика | |
| Страници | 212 с. |
| Размери/Мащаб | 22 см |
| 380 ## - Жанр | |
| Жанр | Общ отдел |
| 500 ## - Общи забележки | |
| Забележка | 835 тир. - Библиогр. с. 208-210. |
| 650 #4 - Допълнително описание по предмет – тема | |
| Основно описание – тема или топоним | Култура - психологически аспекти |
| 9 (RLIN) | 322680 |
| 653 ## - Ключова дума – ненормативна | |
| Ключова дума | култура |
| 852 ## - Местоположение | |
| Форматна сигнатура | Цб 135636 |
| 856 4# - Електронен адрес и достъп | |
| Електронен формат | pdf - файл |
| Път до файла /url/ | |
| 856 4# - Електронен адрес и достъп | |
| Електронен формат | pdf - файл |
| Път до файла /url/ | |
| 942 ## - АРТИКУЛИ | |
| Вид на библиотечния материал | Книги |
| Скрит в OPAC | Не |
| 944 ## - СЪЗДАВАНЕ И РЕДАКЦИЯ на ЗАПИСА | |
| Създаване/Редакция | Създаване |
| Дата на регистрацията/редакция | 11.12.2012 |
| Статус, дата на статуса | 11.12.2012 - от С1,Р / 11.12.2012 |
| Служител, извършил регистрацията/редакцията | Севдалина_Василева |
| 944 ## - СЪЗДАВАНЕ И РЕДАКЦИЯ на ЗАПИСА | |
| Създаване/Редакция | Редакция |
| Дата на регистрацията/редакция | 11.12.2012 |
| Статус, дата на статуса | 11.12.2012 - от С1,Р / 11.12.2012 |
| Служител, извършил регистрацията/редакцията | |
| 999 ## - СИСТЕМНИ КОНТРОЛНИ НОМЕРА | |
| Koha biblionumber | 131339 |
| Koha biblioitemnumber | 131339 |
| Код за отписване | Код за изгубен артикул | Източник на класификационната схема | Код за повреда | Коз за рестрикции | Код за отдаване | Артикулен № | Име на библиотеката - собственик | Име на библиотеката, в която се намира в момента | Статус (Текущо местоположение) | Дата на вписване в системата | Местоположение - отдел | Цена в лева | Инвентарен номер | Систематично азбучна сигнатура | Баркод | Номер на екземпляра | Цена в евро | Служебна бележка | Служебен тип на артикула |
|---|---|---|---|---|---|---|---|---|---|---|---|---|---|---|---|---|---|---|---|
| Не е изгубен | Universal Decimal Classification | Не е повреден | само за читалня | ползва се в читалня | 214180 | Регионална библиотека "Любен Каравелов" Русе | Регионална библиотека "Любен Каравелов" Русе | Хранилище | 1985-01-01 | Хранилище | 1.66 | 429145 | Цб 135636 | 900000014826 | 1 | 0.85 | Дост: Dp Вид: Д N: стар фонд Дата: 01.01.1985 | Книги | |
| Изтеглен | Не е изгубен | Universal Decimal Classification | Не е повреден | без рестрикции | заемане за дома | 214181 | Регионална библиотека "Любен Каравелов" Русе | Регионална библиотека "Любен Каравелов" Русе | Заемна - подръчен фонд | 1985-01-01 | Заемна - подръчен фонд | 1.66 | 431446 | П 008/Ч 19 | 431446 | 2 | 0.85 | Дост: Pk Вид: Ф N: стар фонд Дата: 01.01.1985 Дата инв: 01.02.2018 Бележки инв: П2018 | Книги |
| Изтеглен | Не е изгубен | Universal Decimal Classification | Не е повреден | без рестрикции | заемане за дома | 214182 | Регионална библиотека "Любен Каравелов" Русе | Регионална библиотека "Любен Каравелов" Русе | Заемна - подръчен фонд | 1985-01-01 | Заемна - подръчен фонд | 1.66 | 431447 | П 008/Ч 19 | 431447 | 3 | 0.85 | Дост: Pk Вид: Ф N: стар фонд Дата: 01.01.1985 Дата инв: 01.02.2018 Бележки инв: П2018 | Книги |